|
|
|
|
| LEADER |
00000nmm a2200000 a 4500 |
| 008 |
180919b2006 cr ||||| |||| 00| | spa d |
| 999 |
|
|
|c 2438
|d 2438
|
| 090 |
|
|
|a CD #119
|
| 100 |
|
|
|a Villareal Montoya, Ana Lucía
|9 4086
|
| 245 |
1 |
3 |
|a La Mitad por el Todo [Docmental ] /
|c Ana Lucía Villareal
|
| 260 |
|
|
|a San José, Costa Rica :
|b INIE,
|c 2006
|
| 300 |
|
|
|a Disco Compacto;
|b Videodisco
|
| 500 |
|
|
|a Programa de Investigación y Género PIEG \ Documental
|
| 650 |
1 |
4 |
|a MUJERES
|9 55
|
| 650 |
1 |
4 |
|a VIOLENCIA CONTRA LAS MUJERES
|9 85
|
| 650 |
1 |
4 |
|a RELACIONES DE GÉNERO
|9 797
|
| 650 |
1 |
4 |
|a SOCIALIZACION
|9 1103
|
| 942 |
|
|
|i 002037,003436 ,003437
|h CD #119
|2 z
|c 08
|
| 942 |
|
|
|i 002037,003436 ,003437
|h CD #119
|2 z
|
| 942 |
|
|
|i 002037,003436 ,003437
|h CD #119
|2 z
|